00835 2200193 4500001002100000005001500021035002000036008004100056245006800097100002100165250000600186260003200192300001200224084001400236082000800250650001400258520035700272990001200629INLIS00000000000126820240712102006 a0010-0524000503240712 0 ind 1 aMenjadi Penjual Sukses Untuk Barang Industri /cEddie Sindunata aSindunata, Eddie a1 aJakarta :bMediakita,c2006 a120 hlm a600 EDD m a600 4aNon Fiksi aJika Anda yang kebetulan menjadi si calon pembeli, apakah Anda akhirnya akan membeli mesin pemotong kayu dari penjual tersebut di atas ? Saya yakin tidak! Sebab sebagai calon pembeli kita sama sekali tidak menadapatkan informasi yang jelas mengenai mesin tersebut. Buku ini akan membimbing Anda langkah demi langkah menjadi seorang penjual yang sukses. a0744140